Devinez le Département Mystère #32 - Statistiques

Statistiques générales
  • Ce quiz a été pris 225 fois
  • Le résultat moyen est 29 sur 31
Statistiques - réponses
Type de Réponse Réponse % Correct
Lettre de l'Alphabet E
100%
Lettre Trouvée R
99%
Lettre de l'Alphabet A
97%
Lettre Trouvée D
97%
Lettre de l'Alphabet I
97%
Lettre Trouvée N
97%
Lettre de l'Alphabet S
97%
Lettre de l'Alphabet U
97%
Lettre de l'Alphabet H
96%
Lettre Trouvée O
96%
Lettre de l'Alphabet B
95%
Lettre de l'Alphabet C
95%
Lettre de l'Alphabet T
95%
Lettre Bien Placée R
94%
Lettre de l'Alphabet L
93%
Lettre de l'Alphabet M
92%
Lettre de l'Alphabet P
91%
Lettre de l'Alphabet V
91%
Lettre de l'Alphabet G
90%
Lettre de l'Alphabet F
89%
Lettre de l'Alphabet J
89%
Lettre Bien Placée D
88%
Lettre de l'Alphabet Y
88%
Lettre de l'Alphabet K
87%
Lettre Bien Placée N
87%
Département Mystère Nord
87%
Lettre Bien Placée O
87%
Lettre de l'Alphabet Q
87%
Lettre de l'Alphabet W
87%
Lettre de l'Alphabet X
87%
Lettre de l'Alphabet Z
87%
Aucun quiz correspondant
Distribution des résultats
% des personnes avec chaque résultat
Percentile par nombre de réponses
Votre historique - résultats
Vous n’avez pas pris ce quiz